[Event "Sabaneta op-B 1st"]
[Site "Sabaneta"]
[Date "2022.11.26"]
[Round "2"]
[White "Suarez Zapata, Hernando"]
[Black "Restrepo, Hugo"]
[Result "1-0"]
[WhiteElo "1912"]
[BlackElo "1580"]
[PlyCount "57"]
[EventDate "2022.11.25"]
[EventType "swiss"]
[EventRounds "8"]
[EventCountry "COL"]
[SourceTitle "CBM 211 Extra"]
[Source "ChessBase"]
[SourceDate "2023.01.31"]
[SourceVersion "1"]
[SourceVersionDate "2023.01.31"]
[SourceQuality "1"]

1. e4 c5 2. Nf3 Nc6 3. c3 Nf6 4. e5 Nd5 5. d4 cxd4 6. cxd4 e6 7. a3 d6 8. exd6 Bxd6 9. Nc3 Nf6 10. Bb5 Bd7 11. 0-0 0-0 12. Bg5 a6 13. Bd3 Be7 14. h3 Rc8 15. Rc1 Qa5 16. Bb1 h6 17. Bf4 Rfd8 18. Qd3 Be8 19. Ne4 g6 20. Bxh6 Qh5 21. Be3 Nxd4 22. Bxd4 Bb5 23. Nxf6+ Bxf6 24. Qe3 Bxf1 25. Bxf6 Rxc1 26. Qxc1 Bxg2 27. Kxg2 Re8 28. Be4 Qb5 29. Qh6 1-0

[Event "Pereira Fiestas de la Cosecha"]
[Site "Pereira"]
[Date "2022.08.28"]
[Round "10"]
[White "Pereira Vera, Henry Alberto"]
[Black "Suarez Zapata, Hernando"]
[Result "0-1"]
[WhiteElo "1831"]
[BlackElo "1917"]
[PlyCount "70"]
[EventDate "2022.08.24"]
[EventType "swiss"]
[EventRounds "10"]
[EventCountry "COL"]
[SourceTitle "CBM 210 Extra"]
[Source "ChessBase"]
[SourceDate "2022.11.30"]
[SourceVersion "1"]
[SourceVersionDate "2022.11.30"]
[SourceQuality "1"]

1. b3 e5 2. Bb2 d6 3. e4 Nf6 4. Nc3 c5 5. Bc4 g6 6. Nge2 Bg7 7. 0-0 Nc6 8. f4 exf4 9. Nxf4 0-0 10. d3 Ng4 11. Qe2 Bd4+ 12. Kh1 d5 13. Bxd5 Qf6 14. Ne6 Qe5 15. Qxg4 Bxe6 16. Bxe6 fxe6 17. h4 Rxf1+ 18. Rxf1 Rf8 19. Rxf8+ Kxf8 20. h5 gxh5 21. Qh3 Bxc3 22. Bxc3 Qxc3 23. Qxe6 Qa1+ 24. Kh2 Qe5+ 25. Qxe5 Nxe5 26. Kg3 Kg7 27. b4 b6 28. bxc5 bxc5 29. Kf4 Kf6 30. Ke3 h4 31. c3 c4 32. d4 Nd3 33. e5+ Kf5 34. Kf3 h5 35. Ke3 a5 0-1

[Event "COL pre olympic sf3"]
[Site "Dosquebradas"]
[Date "2018.05.31"]
[Round "2"]
[White "Castaneda Jimenez, Jhon David"]
[Black "Suarez Zapata, Hernando"]
[Result "1/2-1/2"]
[WhiteElo "2196"]
[BlackElo "1924"]
[PlyCount "83"]
[EventDate "2018.05.30"]
[EventType "swiss"]
[EventRounds "10"]
[EventCountry "COL"]
[SourceTitle "CBM 184 Extra"]
[Source "ChessBase"]
[SourceDate "2018.06.28"]
[SourceVersion "1"]
[SourceVersionDate "2018.06.28"]
[SourceQuality "1"]

1. d4 e6 2. c4 d5 3. Nf3 c5 4. cxd5 exd5 5. Nc3 Nf6 6. g3 Nc6 7. Bg2 cxd4 8. Nxd4 Bc5 9. Nb3 Bb4 10. 0-0 Bxc3 11. bxc3 0-0 12. Bg5 Be6 13. Nd4 h6 14. Bf4 Qd7 15. Re1 Rac8 16. Qa4 Nxd4 17. Qxd4 a6 18. Red1 Qb5 19. Qd3 Qxd3 20. Rxd3 Bf5 21. Rd2 Rfe8 22. Be3 Be4 23. Bd4 Bxg2 24. Kxg2 Ne4 25. Rc2 b5 26. Rb1 Rc4 27. f3 Nxc3 28. Bxc3 d4 29. Kf2 Rxc3 30. Rd2 Rd8 31. a4 bxa4 32. Rb4 a3 33. Rdxd4 Rxd4 34. Rxd4 Kf8 35. Ra4 Ke7 36. Rxa6 Rb3 37. h4 h5 38. Ra5 g6 39. g4 hxg4 40. fxg4 Rh3 41. Kg2 Re3 42. Kf2 1/2-1/2

[Event "COL-ch sf"]
[Site "Medellin"]
[Date "2014.??.??"]
[Round "9"]
[White "Agudelo, Carlos Hernan"]
[Black "Suarez Zapata, Hernando"]
[Result "1-0"]
[WhiteElo "2058"]
[BlackElo "1908"]
[PlyCount "81"]
[EventDate "2014.04.15"]
[EventType "swiss"]
[EventRounds "11"]
[EventCountry "COL"]
[SourceTitle "CBM 160 Extra"]
[Source "ChessBase"]
[SourceDate "2014.07.01"]
[SourceVersion "1"]
[SourceVersionDate "2014.07.01"]
[SourceQuality "1"]

1. c4 c5 2. g3 g6 3. Bg2 Bg7 4. e4 e6 5. Ne2 Nc6 6. Nbc3 Nge7 7. 0-0 0-0 8. d3 f5 9. Be3 d6 10. Qd2 Rb8 11. Bh6 a6 12. Bxg7 Kxg7 13. d4 cxd4 14. Nxd4 Ne5 15. b3 Qd7 16. a4 b6 17. Rfe1 Re8 18. f4 Nf7 19. e5 dxe5 20. fxe5 Rd8 21. Rad1 Qc7 22. Qf4 g5 23. Qe3 Re8 24. Nf3 h6 25. h4 gxh4 26. Nxh4 Bb7 27. Nd5 Qc5 28. Nf4 Nc6 29. Nh5+ Kh8 30. Rd7 Ncd8 31. Qxc5 bxc5 32. Nf6 Bxg2 33. Kxg2 Rg8 34. Nxg8 Kxg8 35. Re3 Nc6 36. Nf3 Kf8 37. Rc7 Rb6 38. Rd3 Ke8 39. Rdd7 Nfxe5 40. Nxe5 Nxe5 41. Rh7 1-0

[Event "COL-ch sf"]
[Site "Medellin"]
[Date "2014.??.??"]
[Round "5"]
[White "Suarez Zapata, Hernando"]
[Black "Florez Castro, Estiven"]
[Result "1-0"]
[WhiteElo "1908"]
[BlackElo "1599"]
[PlyCount "45"]
[EventDate "2014.04.15"]
[EventType "swiss"]
[EventRounds "11"]
[EventCountry "COL"]
[SourceTitle "CBM 160 Extra"]
[Source "ChessBase"]
[SourceDate "2014.07.01"]
[SourceVersion "1"]
[SourceVersionDate "2014.07.01"]
[SourceQuality "1"]

1. e4 c5 2. Nf3 d6 3. d4 cxd4 4. Nxd4 Nf6 5. Nc3 a6 6. f3 e5 7. Nb3 b5 8. Be3 Bb7 9. Qd2 Nbd7 10. 0-0-0 Qc7 11. g4 Be7 12. Kb1 0-0 13. h4 b4 14. Ne2 a5 15. Ng3 Rfb8 16. Nf5 Bf8 17. Nxd6 a4 18. Nc1 Ba6 19. g5 Bxf1 20. Rhxf1 Nh5 21. Nxf7 Kxf7 22. Qxd7+ Qxd7 23. Rxd7+ 1-0

[Event "Medellin Cuartas Memorial"]
[Site "Medellin"]
[Date "2011.08.06"]
[Round "5"]
[White "Suarez Zapata, Hernando"]
[Black "Ossa, Vladimir"]
[Result "0-1"]
[WhiteElo "1885"]
[BlackElo "1990"]
[PlyCount "80"]
[EventDate "2011.08.03"]
[EventType "swiss"]
[EventRounds "8"]
[EventCountry "COL"]
[SourceTitle "CBM 144 Extra"]
[Source "ChessBase"]
[SourceDate "2011.10.28"]
[SourceVersion "1"]
[SourceVersionDate "2011.10.28"]
[SourceQuality "1"]

1. e4 Nf6 2. e5 Nd5 3. d4 d6 4. Nf3 Bg4 5. exd6 cxd6 6. c4 Nb6 7. Be2 Nc6 8. Be3 e6 9. Nbd2 Be7 10. 0-0 0-0 11. Rc1 Rc8 12. Re1 d5 13. c5 Nd7 14. a3 a5 15. Nf1 Bxf3 16. Bxf3 b6 17. cxb6 Qxb6 18. Qa4 Ncb8 19. Rc2 Rxc2 20. Qxc2 Bf6 21. Rd1 Nc6 22. Qa4 Ne7 23. Rd2 Nb8 24. Ng3 g6 25. Rc2 Nbc6 26. Ne2 Rb8 27. g4 Qb3 28. Qxb3 Rxb3 29. Rd2 g5 30. Nc1 Rb6 31. Bd1 Nc8 32. Nb3 Nd6 33. Nc5 Bg7 34. Ba4 Nc4 35. Nd7 Nxd2 36. Nxb6 Nf3+ 37. Kg2 Ncxd4 38. Bd1 Ne1+ 39. Kf1 Nd3 40. b3 Nb2 0-1

[Event "Medellin Cuartas Memorial"]
[Site "Medellin"]
[Date "2011.08.05"]
[Round "4"]
[White "Escobar Medina, Andres F"]
[Black "Suarez Zapata, Hernando"]
[Result "1-0"]
[WhiteElo "2104"]
[BlackElo "1885"]
[PlyCount "89"]
[EventDate "2011.08.03"]
[EventType "swiss"]
[EventRounds "8"]
[EventCountry "COL"]
[SourceTitle "CBM 144 Extra"]
[Source "ChessBase"]
[SourceDate "2011.10.28"]
[SourceVersion "1"]
[SourceVersionDate "2011.10.28"]
[SourceQuality "1"]

1. e4 e5 2. Nf3 Nc6 3. d4 exd4 4. Bc4 d6 5. Nxd4 Nxd4 6. Qxd4 Nf6 7. Nc3 Be7 8. f3 0-0 9. Be3 Be6 10. 0-0-0 b6 11. g4 Nd7 12. Bxe6 fxe6 13. Qc4 Rxf3 14. Qxe6+ Kh8 15. Bd4 c5 16. Bg1 Ne5 17. Nd5 Bg5+ 18. Kb1 Qf8 19. Nc3 Rxc3 20. bxc3 Qf3 21. Bd4 cxd4 22. cxd4 Nc6 23. Qxd6 Qxe4 24. Rhe1 Qg2 25. Rg1 Qe4 26. Rge1 Qg2 27. Re6 Na5 28. Qe5 h6 29. Qf5 Nc4 30. Rde1 Be3 31. Qd3 Rc8 32. R6xe3 Nxe3 33. Rxe3 Qxg4 34. d5 Rd8 35. d6 Qb4+ 36. Kc1 Qf4 37. Kb1 Qb4+ 38. Ka1 Kg8 39. d7 Qf4 40. Re8+ Kf7 41. Qd5+ Kg6 42. Qe6+ Kh7 43. Qg8+ Kg6 44. Re6+ Kh5 45. Qe8+ 1-0